Movies Quiz

Random Movies or Actress Quiz

Name The Character From Twilight Quiz Stats

 Plays Quiz not verified by Sporcle

Challenge
Share
Tweet
Embed
Score 0/20 Timer 05:00
1 Play Today
Actor/Actress Character % Correct
Robert PattinsonEdward Cullen
99.9%
Kristen StewartBella Swan
99.7%
Taylor LautnerJacob Black
99.4%
Ashley GreeneAlice Cullen
97.6%
Jackson RathboneJasper Hale
96.1%
Nikki ReedRosalie Hale
94.9%
Kellan LutzEmmet Cullen
94.5%
Elizabeth ReaserEsme Cullen
93.5%
Billy BurkeCharlie Swan
91.8%
Peter FacinelliCarlisle Cullen
91%
Actor/Actress Character % Correct
Anna KendrickJessica Stanley
86.5%
Michael WelchMike Newton
84.2%
Cam GigandetJames
84%
Gil BirminghamBilly Black
82.3%
Rachelle LefevreVictoria
82%
Edi GethegiLaurent
74.4%
Christian SerratosAngela Webber
69.7%
Justin ChonEric Yorkie
67.8%
Sarah ClarkeRenee Dwyer
65.8%
Gregory Tyree BoyceTyler Crowley
46.7%

You're not logged in!

Compare scores with friends on all Sporcle quizzes.
OR
Log In

You Might Also Like...

Show Comments

Extras

Top Quizzes Today


Score Distribution

Your Account Isn't Verified!

In order to create a playlist on Sporcle, you need to verify the email address you used during registration. Go to your Sporcle Settings to finish the process.

Report this User

Report this user for behavior that violates our Community Guidelines.

Details: